Летопись жизни и творчества А.И. Герцена. 1812-1870 (Запись № 9779849)
[ простой вид ]
| 000 -МАРКЕР | |
|---|---|
| контрольное поле | 01770nam1a22003131i 4500 |
| 001 - ИДЕНТИФИКАТОР ЗАПИСИ | |
| контрольное поле | rc\3367750 |
| 005 - ИДЕНТИФИКАТОР ВЕРСИИ | |
| контрольное поле | 20260407130827.0 |
| 035 ## - ДРУГИЕ СИСТЕМНЫЕ НОМЕРА | |
| Идентификатор записи | (NLR Aleph) 007544002 |
| 100 ## - ДАННЫЕ ОБЩЕЙ ОБРАБОТКИ | |
| Данные общей обработки | 20130115g1974 |||y0rusy50 ca |
| 101 0# - ЯЗЫК РЕСУРСА | |
| Язык текста, звукозаписи и т.д. | русский |
| 102 ## - СТРАНА ПУБЛИКАЦИИ ИЛИ ПРОИЗВОДСТВА | |
| Страна публикации | российская федерация |
| 105 ## - ПОЛЕ КОДИРОВАННЫХ ДАННЫХ: ТЕКСТОВЫЕ МАТЕРИАЛЫ, МОНОГРАФИЧЕСКИЕ | |
| Кодированные данные о монографическом текстовом документе | z ||||| |
| 200 1# - ЗАГЛАВИЕ И СВЕДЕНИЯ ОБ ОТВЕТСТВЕННОСТИ | |
| Основное заглавие | Летопись жизни и творчества А.И. Герцена. 1812-1870 |
| Первые сведения об ответственности | Ред. коллегия: Б.Ф. Егоров [и др. |
| Последующие сведения об ответственности | Авт. введ. С.Д. Гурвич-Лищинер |
| -- | [АН СССР. Ин-т мировой литературы им. А.М. Горького]. Т. 1]- |
| 210 ## - ПУБЛИКАЦИЯ, РАСПРОСТРАНЕНИЕ И ДР. | |
| Место издания, распространения и т.д. | Москва |
| Имя издателя, распространителя и т. д. | Наука |
| Дата издания, распространения и т.д. | 1974- |
| 215 ## - ФИЗИЧЕСКАЯ ХАРАКТЕРИСТИКА | |
| Размеры | 22 |
| 532 10 - РАСШИРЕННОЕ ЗАГЛАВИЕ | |
| Заглавие | Летопись жизни и творчества Александра Ивановича Герцена. 1812-1870 |
| 606 ## - НАИМЕНОВАНИЕ ТЕМЫ КАК ПРЕДМЕТ | |
| Наименование темы | Общественная мысль в России |
| Хронологический подзаголовок | 19 в. |
| Тематический подзаголовок | История |
| -- | Хронология |
| Код системы | psbo |
| 606 ## - НАИМЕНОВАНИЕ ТЕМЫ КАК ПРЕДМЕТ | |
| Наименование темы | Общественная мысль в России |
| Хронологический подзаголовок | 19 в. |
| Тематический подзаголовок | Хронология |
| Код системы | psbo |
| 606 ## - НАИМЕНОВАНИЕ ТЕМЫ КАК ПРЕДМЕТ | |
| Наименование темы | Русская литература |
| Хронологический подзаголовок | 19 в. |
| Тематический подзаголовок | Хронология |
| Код системы | psbo |
| 702 #1 - ИМЯ ЛИЦА - ВТОРИЧНАЯ ОТВЕТСТВЕННОСТЬ | |
| Связь между полями | z01790 |
| Начальный элемент ввода | Гурвич-Лищинер |
| Часть имени, кроме начального элемента ввода | С.Д. |
| Код отношения | Автор введения, предисловия, примечания и т.п. |
| 702 #1 - ИМЯ ЛИЦА - ВТОРИЧНАЯ ОТВЕТСТВЕННОСТЬ | |
| Код отношения | Редактор |
| Материалы, к которым относится поле | rus |
| Графика поля | Кириллица |
| Начальный элемент ввода | Егоров |
| Часть имени, кроме начального элемента ввода | Б. Ф. |
| Дополнения к именам, кроме дат | д-р филол. наук, литературовед |
| Даты | 1926-2020 |
| Расширение инициалов личного имени | Борис Федорович |
| Идентификатор авторитетной/нормативной записи | RU\NLR\AUTH\7725972 |
| Системный номер авторитетной/нормативной записи | 9017 |
| 702 #1 - ИМЯ ЛИЦА - ВТОРИЧНАЯ ОТВЕТСТВЕННОСТЬ | |
| Код отношения | Прочие |
| Материалы, к которым относится поле | rus |
| Графика поля | Кириллица |
| Начальный элемент ввода | Герцен |
| Часть имени, кроме начального элемента ввода | А. И. |
| Даты | 1812-1870 |
| Расширение инициалов личного имени | Александр Иванович |
| Идентификатор авторитетной/нормативной записи | RU\NLR\AUTH\773922 |
| Системный номер авторитетной/нормативной записи | 113911 |
| 712 02 - НАИМЕНОВАНИЕ ОРГАНИЗАЦИИ - ВТОРИЧНАЯ ОТВЕТСТВЕННОСТЬ | |
| Начальный элемент ввода | Институт мировой литературы им. А. М. Горького |
| Идентифицирующий признак | Москва |
| Идентификатор авторитетной/нормативной записи | RU\NLR\AUTH\889978472 |
| Системный номер авторитетной/нормативной записи | 453490 |
| 790 #1 - ИМЯ ЛИЦА - АЛЬТЕРНАТИВНАЯ ФОРМА | |
| Связь между полями | z01702 |
| Начальный элемент ввода | Лищинер |
| Часть имени, кроме начального элемента ввода | С.Д. |
| 801 #0 - ИСТОЧНИК ЗАПИСИ | |
| Страна | российская федерация |
| Организация | NLR |
| Правила каталогизации | psbo |
| 801 #1 - ИСТОЧНИК ЗАПИСИ | |
| Страна | российская федерация |
| Организация | ELAR |
| Источник данных | rusmarc |
| 942 ## - ДОПОЛНИТЕЛЬНЫЕ ЭЛЕМЕНТЫ ЗАПИСИ (АБИС) | |
| Тип экземпляра АБИС | Книга |
Нет доступных экземпляров.